000 00891cad a22001935a 4500
001 E155129
008 120305s2012 xxk f s000 0 eng d
035 _a(Sirsi) u155129
041 0 _aeng
110 2 _aScotland
_bScottish Government
_95344
245 0 0 _aElectricity generation policy statement
_h[electronic resource]
260 _aEdinburgh
_bScottish Government
_c2012
520 _aA draft policy which discusses how Scotland generates electricity, and looks at how the Scottish Government's targets can be achieved, and the technology and infrastructure that wll be required. Comments on the draft policy should be submitted by 7 May 2012.
590 _aKA
651 4 _aScotland
_y1999-
690 _aEnergy
_96237
856 4 0 _uhttps://www.scotland.gov.uk/Topics/Business-Industry/Energy/EGPS2012/DraftEPGS2012
_zView the item free of charge at www.scotland.gov.uk
942 _n0
999 _c113336
_d113336